Soja : eficiencia de cosecha y postcosecha /
Guardado en:
| Autor Principal: | |
|---|---|
| Autor Corporativo: | |
| Otros Autores: | |
| Formato: | Libro |
| Idioma: | Spanish |
| Publicado: |
Manfredi :
INTA PROPECO,
2005.
|
| Series: | Manual técnico ;
Nº 3 |
| Etiquetas: |
Agregar Etiqueta
Sin Etiquetas, Sea el primero en etiquetar este registro!
|
| LEADER | 00754nam a22001935a 4500 | ||
|---|---|---|---|
| 001 | EEA.libagro007461 | ||
| 005 | 20180507123931.0 | ||
| 008 | 130809s2005####ag#a##########000#0#spa#d | ||
| 022 | |a 1667-9199 | ||
| 082 | 0 | 4 | |a 633.34 |
| 100 | 1 | |a Bragachini, Mario. | |
| 245 | 1 | 0 | |a Soja : |b eficiencia de cosecha y postcosecha / |c Mario Bragachini; Cristiano Casini, (eds). |
| 260 | |a Manfredi : |b INTA PROPECO, |c 2005. | ||
| 300 | |a 250 p. : |b il. ; |c 25 cm. | ||
| 490 | 1 | |a Manual técnico ; |v Nº 3 | |
| 500 | |a Proyecto eficiencia de cosecha y postcosecha de granos. | ||
| 700 | 1 | |a Casini, Cristiano. | |
| 710 | 2 | |a Instituto Nacional de Tecnología Agropecuaria (Argentina). |b Estación Experimental Agropecuaria Manfredi. | |
| 859 | |a AR-BbBCA |b BIB. AGRONOMIA |h 633.34 |i B813 |p 2005/4832 | ||
